000 00592nam a22001817a 4500
999 _c184557
_d184557
005 20220124102741.0
010 _aENG-131321
020 _a978-93-5433-975-2
_c995.00
035 _aEN-114853
037 _bDBAD
082 _a510
100 _aParhad, Dattatraya
245 _aFirst Course in Group Theory:
_cDattatraya Parhad
260 _aMumbai
_bHimalya Publishing House Pvt. Ltd
_c2021
270 _bMumbai
_aRamdoot, Dr. Bhalerao Marg, Girgaon
_e4000004
_k022-23860170, 23863863
_mhimpub@bharatmail.co.in
300 _a146p.
_c25cm(pbk)
942 _2ddc
_cEN
_h510
_mPAR